Estadísticas para Casas de Monarcas Españoles

Haz click aquí para intentar la prueba.

Estadísticas generales

  • Esta prueba ha sido intentada 1.392 veces
  • La puntuación promedio es 4 de 5

Estadísticas de respuestas

AñosPrimer GobernanteÚltimo gobernanteCasa% Correcto
1700-1808; 1813-1868; 1874-1931;
1975-Presente
Felipe V...Casa de Borbón
99%
1516-1700Carlos ICarlos IICasa de Austria
(Habsburgo)
90%
1870-1873Amadeo IAmadeo ICasa de Saboya
77%
1808-1813José IJosé ICasa de Bonaparte
76%
1474-1555Isabel IJuana ICasa de Trastámara
58%

Distribución de puntuación

Porcentaje por número respondido

Porcentaje de gente con cada puntuación

Historial de tus puntuaciones

No has intentado esta prueba.